Die 10 größten Städte - Sachsen-Anhalt - Statistiken

Allgemein
  • Dieses Quiz wurde 183 mal gespielt
  • Das Durchschnittsergebnis liegt bei 6 aus 10
Antwortstatistiken
Einwohnerzahl Stadt % Korrekt
236.188 Magdeburg
100%
238.061 Halle (Saale)
99%
78.731 Dessau-Roßlau
87%
44.984 Lutherstadt Wittenberg
65%
38.359 Stendal
62%
38.682 Halberstadt
54%
32.027 Wernigerode
47%
33.641 Merseburg
43%
37.047 Bitterfeld-Wolfen
42%
39.745 Weißenfels
35%
Keine übereinstimmenden Quizze gefunden
Verteilung der Resultate
Anzahl Personen mit jedem Resultat
Perzentil nach korrekt beantworteten Fragen
Ihre Resultats-Entwicklung
Sie haben dieses Quiz noch nicht gespielt